[Event "POL-chT4 Slaskie"]
[Site "Poland"]
[Date "2008.02.10"]
[Round "1.19"]
[White "Nowakowski, Sebastian"]
[Black "Dubiel, Lukasz"]
[Result "1-0"]
[WhiteElo "1870"]
[BlackElo "1933"]
[PlyCount "61"]
[EventDate "2008.02.10"]
[EventType "team-swiss"]
[EventRounds "9"]
[EventCountry "POL"]
[SourceTitle "EXT 2019"]
[Source "ChessBase"]
[SourceDate "2018.10.10"]
[SourceVersion "1"]
[SourceVersionDate "2018.10.10"]
[SourceQuality "1"]

1. e4 d5 2. exd5 Qxd5 3. Nf3 c6 4. d4 Nf6 5. Be2 Bg4 6. 0-0 e6 7. c4 Qd8 8. Bg5 Be7 9. Nbd2 0-0 10. h3 Bh5 11. Qb3 Qc7 12. Rac1 Nbd7 13. Rfe1 Rfd8 14. Bd3 Nb6 15. a3 c5 16. dxc5 Bxc5 17. Bxf6 gxf6 18. Qc3 f5 19. b4 Bf8 20. Qb3 Bh6 21. Rc2 Qd7 22. Ne5 Qd4 23. c5 Nc8 24. g4 fxg4 25. hxg4 Bg6 26. Bxg6 hxg6 27. Qf3 Bf4 28. Ndc4 Rd5 29. Rd2 Qxd2 30. Nxd2 Bxe5 31. Rxe5 1-0

[Event "Rewal op-B 12th"]
[Site "Rewal"]
[Date "2007.08.29"]
[Round "8"]
[White "Dubiel, Lukasz"]
[Black "Kaniak, Justyna"]
[Result "1-0"]
[WhiteElo "1918"]
[BlackElo "1942"]
[PlyCount "59"]
[EventDate "2007.08.23"]
[EventType "swiss"]
[EventRounds "9"]
[EventCountry "POL"]
[SourceTitle "CBM 120 Extra"]
[Source "ChessBase"]
[SourceDate "2007.11.01"]
[SourceVersion "1"]
[SourceVersionDate "2007.11.01"]
[SourceQuality "1"]

1. d4 Nf6 2. c4 c5 3. d5 d6 4. Nc3 g6 5. Nf3 Bg7 6. e4 0-0 7. Bd3 e6 8. 0-0 exd5 9. exd5 Re8 10. Bf4 Nh5 11. Bg5 f6 12. Be3 Bg4 13. h3 Bxf3 14. Qxf3 Bf8 15. g4 Ng7 16. Qg3 Qd7 17. h4 f5 18. h5 fxg4 19. hxg6 h5 20. Ne4 Be7 21. Qf4 Bh4 22. Qf7+ Kh8 23. Qf4 Nf5 24. Ng3 Nxe3 25. fxe3 Bxg3 26. Qh6+ Kg8 27. Rf7 Qxf7 28. gxf7+ Kxf7 29. Qh7+ Kf6 30. Rf1+ 1-0

[Event "Rewal op-B 12th"]
[Site "Rewal"]
[Date "2007.08.26"]
[Round "4"]
[White "Dubiel, Lukasz"]
[Black "Brudzinski, Maciej"]
[Result "1/2-1/2"]
[WhiteElo "1918"]
[BlackElo "2114"]
[PlyCount "165"]
[EventDate "2007.08.23"]
[EventType "swiss"]
[EventRounds "9"]
[EventCountry "POL"]
[SourceTitle "CBM 120 Extra"]
[Source "ChessBase"]
[SourceDate "2007.11.01"]
[SourceVersion "1"]
[SourceVersionDate "2007.11.01"]
[SourceQuality "1"]

1. d4 Nf6 2. c4 d6 3. Nc3 Nbd7 4. e4 e5 5. Be3 g6 6. f3 Bg7 7. Qd2 exd4 8. Bxd4 0-0 9. Nge2 Re8 10. 0-0-0 Ne5 11. Ng3 Be6 12. Bxe5 dxe5 13. Qxd8 Rexd8 14. Be2 c6 15. Rxd8+ Rxd8 16. Rd1 Rd4 17. b3 Nd7 18. Kc2 h5 19. Bd3 Nc5 20. Nge2 Rd7 21. Nc1 Bh6 22. Be2 Rd4 23. Nd3 Nxd3 24. Rxd3 h4 25. h3 f5 26. Rxd4 exd4 27. Nd1 g5 28. Bd3 fxe4 29. Bxe4 Kf7 30. Nf2 Kf6 31. Nd3 Bf8 32. Kd2 Bd7 33. Nf2 b6 34. Nd3 c5 35. Bh7 Bd6 36. a4 a6 37. Be4 b5 38. axb5 axb5 39. Bd5 bxc4 40. Bxc4 Bf5 41. Ke2 Be6 42. Kd2 Ke7 43. Kc2 Kd7 44. Kb2 Bf5 45. Kc2 Bf4 46. Kd1 Bd6 47. Kc2 Bf8 48. Kd2 Be7 49. Kc2 Kd6 50. Kd2 Bd8 51. Kd1 Ba5 52. Ke2 Bc3 53. Kd1 Ba5 54. Ke2 Bc7 55. Kd2 Kc6 56. Kc2 Bf4 57. Kd1 Bh2 58. Kd2 Kd6 59. Ke2 Bg1 60. Kd2 Be3+ 61. Kd1 Bxd3 62. Bxd3 Ke5 63. Ke2 Kf4 64. Bc4 Kg3 65. Kf1 Bd2 66. Bd3 Kf4 67. Ke2 Ba5 68. Bc4 Bc7 69. Bd3 Ke5 70. Bc4 Bd6 71. Kd3 Bc7 72. Ke2 Kd6 73. Kd3 Kc6 74. Kc2 Kb6 75. Bd3 Bg3 76. Bc4 Be1 77. Bd3 Bc3 78. Bc4 Kc6 79. Bd3 Kd5 80. Bc4+ Ke5 81. Kd3 Kf4 82. Ke2 Kg3 83. Kf1 1/2-1/2

[Event "POL-ch U16"]
[Site "Leba"]
[Date "2006.04.02"]
[Round "11"]
[White "Dubiel, Lukasz"]
[Black "Pyrzynski, Michal"]
[Result "1/2-1/2"]
[WhiteElo "1893"]
[BlackElo "2015"]
[PlyCount "23"]
[EventDate "2006.03.25"]
[EventType "swiss"]
[EventRounds "11"]
[EventCountry "POL"]
[SourceTitle "CBM 111 Extra"]
[Source "ChessBase"]
[SourceDate "2006.05.09"]
[SourceVersion "1"]
[SourceVersionDate "2006.05.09"]
[SourceQuality "1"]

1. d4 Nf6 2. c4 d6 3. Nc3 Nbd7 4. e4 g6 5. f3 Bg7 6. Be3 e5 7. Nge2 a5 8. d5 Nc5 9. Qd2 Bd7 10. Nc1 a4 11. Nd3 b6 12. Be2 1/2-1/2

[Event "POL-ch U16"]
[Site "Leba"]
[Date "2006.04.01"]
[Round "10"]
[White "Balandynowicz, Wojciech"]
[Black "Dubiel, Lukasz"]
[Result "1-0"]
[WhiteElo "1992"]
[BlackElo "1893"]
[PlyCount "109"]
[EventDate "2006.03.25"]
[EventType "swiss"]
[EventRounds "11"]
[EventCountry "POL"]
[SourceTitle "CBM 111 Extra"]
[Source "ChessBase"]
[SourceDate "2006.05.09"]
[SourceVersion "1"]
[SourceVersionDate "2006.05.09"]
[SourceQuality "1"]

1. d4 d5 2. Nf3 Nf6 3. c4 e6 4. Nc3 c6 5. Bg5 Nbd7 6. e3 Qa5 7. cxd5 Nxd5 8. Qd2 Bb4 9. Rc1 h6 10. Bh4 0-0 11. a3 Bd6 12. Ne4 Qxd2+ 13. Kxd2 Bc7 14. Bg3 Bxg3 15. hxg3 N7f6 16. Nc5 b6 17. Nb3 Bb7 18. Bd3 Rfd8 19. Ke2 Rac8 20. Rc2 Nd7 21. Rhc1 Re8 22. Nbd2 c5 23. Bb5 Red8 24. Bxd7 Rxd7 25. dxc5 Ba6+ 26. Ke1 Bd3 27. Ne5 Bxc2 28. Nxd7 Ba4 29. Ne5 bxc5 30. Nd3 c4 31. Rxc4 Rxc4 32. Nxc4 Bb5 33. b3 Nb6 34. Nxb6 axb6 35. Kd2 Kf8 36. a4 Bc6 37. f3 Ke7 38. Kc3 Kd6 39. Nb2 f6 40. Nc4+ Kc7 41. Nd2 g5 42. Kd4 e5+ 43. Kd3 g4 44. fxg4 Bxg2 45. Ne4 Bf1+ 46. Kc3 Be2 47. Nxf6 Kd6 48. Ng8 Bxg4 49. Nxh6 Be6 50. e4 Bh3 51. Nf5+ Kc5 52. Ne3 Be6 53. Nc4 b5 54. axb5 Bh3 55. b6 1-0

[Event "POL-ch U16"]
[Site "Leba"]
[Date "2006.03.26"]
[Round "2"]
[White "Panocki, Adrian"]
[Black "Dubiel, Lukasz"]
[Result "1-0"]
[WhiteElo "2194"]
[BlackElo "1893"]
[PlyCount "67"]
[EventDate "2006.03.25"]
[EventType "swiss"]
[EventRounds "11"]
[EventCountry "POL"]
[SourceTitle "CBM 111 Extra"]
[Source "ChessBase"]
[SourceDate "2006.05.09"]
[SourceVersion "1"]
[SourceVersionDate "2006.05.09"]
[SourceQuality "1"]

1. e4 d5 2. exd5 Qxd5 3. Nc3 Qa5 4. d4 Nf6 5. Nf3 c6 6. Bc4 Bf5 7. Bd2 e6 8. Qe2 Bb4 9. 0-0-0 Nbd7 10. a3 Bxc3 11. Bxc3 Qc7 12. Ne5 Nd5 13. Bd2 Nxe5 14. dxe5 0-0-0 15. g4 Bg6 16. f4 h5 17. h3 Nb6 18. Ba5 hxg4 19. hxg4 Rxh1 20. Rxh1 Qd7 21. Bb3 Qd4 22. Rf1 Rh8 23. Bc3 Qe4 24. Qxe4 Bxe4 25. f5 exf5 26. Bxf7 fxg4 27. e6 Nd5 28. Be5 Kd8 29. c4 Ne3 30. Bxg7 Ke7 31. Bf6+ Kf8 32. Re1 Rh1 33. Rxh1 Bxh1 34. Bg6 1-0